[Event "FRA-chT U20 0809"]
[Site "Sautron"]
[Date "2009.01.03"]
[Round "5.1"]
[White "Lehaut, Mathieu"]
[Black "Thon, Gabriel"]
[Result "0-1"]
[WhiteElo "1788"]
[BlackElo "2016"]
[PlyCount "86"]
[EventDate "2008.10.??"]
[EventType "team-tourn"]
[EventRounds "11"]
[EventCountry "FRA"]
[SourceTitle "EXT 2010"]
[Source "ChessBase"]
[SourceDate "2010.11.25"]
[SourceVersion "1"]
[SourceVersionDate "2010.11.25"]
[SourceQuality "1"]

1. e4 c5 2. Nf3 e6 3. b3 d6 4. Be2 Nf6 5. d3 Nc6 6. Bb2 Be7 7. 0-0 0-0 8. Nbd2 Qb6 9. e5 dxe5 10. Nxe5 Nd4 11. Ndf3 Rd8 12. Re1 Qc7 13. Bf1 b5 14. g3 Bb7 15. Bg2 Nxf3+ 16. Bxf3 Nd5 17. Qe2 Bf6 18. c4 Nb4 19. Bxb7 Qxb7 20. a3 Na6 21. Qc2 Rab8 22. Re3 Nc7 23. Ng4 Bxb2 24. Qxb2 f6 25. f4 Rd4 26. Qe2 bxc4 27. dxc4 Rbd8 28. Nf2 Qa6 29. Rd3 Kf7 30. Rxd4 Rxd4 31. Nd3 Qa5 32. Qc2 Ne8 33. Ra2 Qb6 34. Rb2 Qd6 35. Nf2 g6 36. Qe2 Qa6 37. Ra2 Qb6 38. Rb2 Qa5 39. Qc2 Nd6 40. Kg2 Nf5 41. Qe2 Qc3 42. Kg1 Ne3 43. h3 Nf5 0-1

[Event "FRA-chT U20 0809"]
[Site "Sautron"]
[Date "2009.01.03"]
[Round "6.1"]
[White "Thon, Gabriel"]
[Black "Perrois, Aurelien"]
[Result "1-0"]
[WhiteElo "2016"]
[BlackElo "1813"]
[PlyCount "77"]
[EventDate "2008.10.??"]
[EventType "team-tourn"]
[EventRounds "11"]
[EventCountry "FRA"]
[SourceTitle "EXT 2010"]
[Source "ChessBase"]
[SourceDate "2010.11.25"]
[SourceVersion "1"]
[SourceVersionDate "2010.11.25"]
[SourceQuality "1"]

1. e4 c5 2. Nf3 d6 3. d4 cxd4 4. Nxd4 Nf6 5. Nc3 a6 6. Bg5 Nbd7 7. f4 e6 8. Qf3 Be7 9. 0-0-0 0-0 10. g4 e5 11. Nf5 exf4 12. Bxf4 Ne8 13. Nd5 Bg5 14. h4 Ne5 15. Bxg5 Qxg5+ 16. hxg5 Nxf3 17. Nfe7+ Kh8 18. Be2 Nxg5 19. Rh5 Nf6 20. Rxg5 Nxd5 21. Rgxd5 Be6 22. Rxd6 g6 23. Nd5 Bxd5 24. R1xd5 Rae8 25. Bd3 Re7 26. Rd8 Rxd8 27. Rxd8+ Kg7 28. Rd5 f6 29. Kd2 g5 30. Ke3 Kg6 31. e5+ Kg7 32. Ke4 h6 33. Kf5 fxe5 34. Rxe5 Rd7 35. Ke6 Rc7 36. Rd5 Rc6+ 37. Rd6 Rc5 38. Rd7+ Kf8 39. Rxb7 1-0

[Event "FRA-chT1A 0809"]
[Site "France"]
[Date "2008.10.19"]
[Round "1.7"]
[White "Sonnet, Jean Pierre"]
[Black "Thon, Gabriel"]
[Result "1-0"]
[WhiteElo "2151"]
[BlackElo "2043"]
[PlyCount "75"]
[EventDate "2008.10.19"]
[EventType "team-tourn"]
[EventRounds "11"]
[EventCountry "FRA"]
[SourceTitle "EXT 2010"]
[Source "ChessBase"]
[SourceDate "2010.11.25"]
[SourceVersion "1"]
[SourceVersionDate "2010.11.25"]
[SourceQuality "1"]
[WhiteTeam "Besancon TPG"]
[BlackTeam "Lyon Olympique"]
[WhiteTeamCountry "FRA"]
[BlackTeamCountry "FRA"]

1. e4 c5 2. Nf3 e6 3. d3 Nc6 4. g3 g6 5. Bg2 Bg7 6. 0-0 Nge7 7. Nbd2 0-0 8. Re1 d6 9. c3 Rb8 10. Nb3 b5 11. d4 c4 12. Nbd2 Qc7 13. Qe2 Ba6 14. a3 e5 15. dxe5 dxe5 16. Nf1 Rfd8 17. Ne3 Na5 18. Ng4 Nb3 19. Rb1 Bb7 20. Bg5 Rd3 21. h4 h5 22. Ngxe5 f6 23. Nxd3 cxd3 24. Qxd3 fxg5 25. Nxg5 Nc5 26. Qc2 Bf6 27. Nh3 Qb6 28. Rbd1 Be5 29. Kh2 Rf8 30. f4 Bb8 31. b4 Na4 32. Rd7 Rf7 33. Ng5 Rg7 34. Red1 Kh8 35. Qb3 Bc8 36. Rd8+ Ng8 37. Rxc8 Bc7 38. Rd7 1-0

[Event "FRA-ch op-A"]
[Site "Pau"]
[Date "2008.08.20"]
[Round "8"]
[White "Thon, Gabriel"]
[Black "Schweitzer, Adrien"]
[Result "1-0"]
[WhiteElo "1985"]
[BlackElo "2041"]
[PlyCount "33"]
[EventDate "2008.08.11"]
[EventType "swiss"]
[EventRounds "9"]
[EventCountry "FRA"]
[SourceTitle "CBM 126 Extra"]
[Source "ChessBase"]
[SourceDate "2008.11.05"]
[SourceVersion "1"]
[SourceVersionDate "2008.11.05"]
[SourceQuality "1"]

1. e4 e5 2. Nf3 Nc6 3. Bc4 Nf6 4. Ng5 Bc5 5. Bxf7+ Ke7 6. Bb3 d6 7. d3 Rf8 8. h3 Qe8 9. Nf3 Qg6 10. Nh4 Bxf2+ 11. Kxf2 Nxe4+ 12. Kg1 Qg3 13. dxe4 Nd4 14. Qh5 Qf2+ 15. Kh2 Ne2 16. Qg5+ Ke8 17. Be3 1-0

[Event "Lyon op"]
[Site "Lyon"]
[Date "2007.11.01"]
[Round "3"]
[White "Fortino, Fabrizio"]
[Black "Thon, Gabriel"]
[Result "1-0"]
[WhiteElo "2081"]
[BlackElo "1908"]
[PlyCount "137"]
[EventDate "2007.10.31"]
[EventType "swiss"]
[EventRounds "9"]
[EventCountry "FRA"]
[SourceTitle "EXT 2008"]
[Source "ChessBase"]
[SourceDate "2007.11.25"]
[SourceVersion "1"]
[SourceVersionDate "2007.11.25"]
[SourceQuality "1"]

1. e4 c5 2. c3 Nf6 3. e5 Nd5 4. d4 cxd4 5. Nf3 Nc6 6. Bc4 Nb6 7. Bb3 d5 8. exd6 e6 9. 0-0 Bxd6 10. cxd4 0-0 11. Nc3 Nb4 12. a3 N4d5 13. Bc2 Nf4 14. Ne4 Bc7 15. g3 Ng6 16. Nfg5 h6 17. Qh5 Nd5 18. Nxf7 Rxf7 19. Qxg6 Ne7 20. Qh5 Nf5 21. Be3 Qe8 22. g4 Nxe3 23. fxe3 Rxf1+ 24. Rxf1 Qxh5 25. gxh5 b6 26. Bb3 Bd7 27. Rf2 Rf8 28. Ng3 Bd8 29. d5 Re8 30. e4 Bf6 31. Kg2 Be5 32. Ba2 Bd6 33. Re2 e5 34. h3 Rc8 35. Rd2 Kf8 36. Nf5 Bxf5 37. exf5 Ke7 38. Kf3 Rc1 39. Rg2 Rf1+ 40. Ke4 Rf4+ 41. Ke3 Bc5+ 42. Ke2 Rxf5 43. Rxg7+ Kf8 44. Rg2 Rxh5 45. b4 Bd6 46. Rg6 Rxh3 47. Bc4 Be7 48. d6 Bxd6 49. Rxd6 Rxa3 50. b5 Ra4 51. Kd3 Ra3+ 52. Ke4 Rc3 53. Kd5 h5 54. Rh6 e4 55. Rxh5 e3 56. Re5 Ra3 57. Re4 Kf7 58. Kd4+ Kf6 59. Rxe3 Ra1 60. Rd3 Ke7 61. Rg3 Rh1 62. Rg7+ Kd6 63. Rxa7 Rh4+ 64. Kc3 Rh3+ 65. Kb4 Ke5 66. Rc7 Rh8 67. Rc6 Rb8 68. Kc3 Rb7 69. Re6+ 1-0

[Event "FRA-ch U10"]
[Site "Le Grand Bornand"]
[Date "2007.04.??"]
[Round "1"]
[White "Anres, Pierre"]
[Black "Thon, Gabriel"]
[Result "0-1"]
[WhiteElo "1580"]
[BlackElo "1875"]
[PlyCount "40"]
[EventDate "2007.04.07"]
[EventType "swiss"]
[EventRounds "9"]
[EventCountry "FRA"]
[SourceTitle "CBM 118 Extra"]
[Source "ChessBase"]
[SourceDate "2007.07.04"]
[SourceVersion "1"]
[SourceVersionDate "2007.07.04"]
[SourceQuality "1"]

1. d4 Nf6 2. Nf3 g6 3. Bf4 Bg7 4. e3 d5 5. c4 c6 6. Nc3 Nbd7 7. Qb3 Nb6 8. Be2 dxc4 9. Bxc4 Nxc4 10. Qxc4 Be6 11. Qd3 Nh5 12. Bg3 Nxg3 13. hxg3 0-0 14. Ng5 Qb6 15. b3 Bf5 16. e4 Qxd4 17. Qxd4 Bxd4 18. exf5 Bxc3+ 19. Ke2 Bxa1 20. Rxh7 Bg7 0-1

[Event "FRA-ch U10"]
[Site "Le Grand Bornand"]
[Date "2007.04.??"]
[Round "3"]
[White "Bernard, Alien"]
[Black "Thon, Gabriel"]
[Result "1/2-1/2"]
[WhiteElo "1690"]
[BlackElo "1875"]
[PlyCount "95"]
[EventDate "2007.04.07"]
[EventType "swiss"]
[EventRounds "9"]
[EventCountry "FRA"]
[SourceTitle "CBM 118 Extra"]
[Source "ChessBase"]
[SourceDate "2007.07.04"]
[SourceVersion "1"]
[SourceVersionDate "2007.07.04"]
[SourceQuality "1"]

1. e4 c5 2. Nf3 e6 3. d4 cxd4 4. Nxd4 a6 5. Nc3 b5 6. a3 Bb7 7. Be3 Nf6 8. Bd3 Qc7 9. Nf3 d5 10. exd5 Nxd5 11. Bd2 Nf4 12. Be4 Bxe4 13. Nxe4 Nxg2+ 14. Kf1 Nf4 15. Bxf4 Qxf4 16. Nc3 Nc6 17. Qe2 Bc5 18. Nd5 Qb8 19. Rg1 Kf8 20. Nc3 Bd4 21. Qd3 Bf6 22. Ne4 Bxb2 23. Rb1 Be5 24. c4 Qd8 25. Qxd8+ Rxd8 26. cxb5 axb5 27. Rxb5 Nd4 28. Nxd4 Bxd4 29. Kg2 f5 30. Ng5 Re8 31. Re1 h6 32. Rxe6 g6 33. Rxe8+ Kxe8 34. Rb8+ Kd7 35. Rxh8 Bxh8 36. Nf3 g5 37. Kf1 Kc6 38. a4 Kc5 39. Ke2 Kb4 40. Kd3 Kxa4 41. Nd4 Be5 42. Nxf5 Bxh2 43. Nxh6 Kb5 44. Ke4 Kc6 45. Kf5 Kd7 46. Kxg5 Ke6 47. f4 Bxf4+ 48. Kxf4 1/2-1/2

[Event "FRA-ch U10"]
[Site "Le Grand Bornand"]
[Date "2007.04.??"]
[Round "9"]
[White "Leriche, Luc"]
[Black "Thon, Gabriel"]
[Result "0-1"]
[WhiteElo "1780"]
[BlackElo "1875"]
[PlyCount "102"]
[EventDate "2007.04.07"]
[EventType "swiss"]
[EventRounds "9"]
[EventCountry "FRA"]
[SourceTitle "CBM 118 Extra"]
[Source "ChessBase"]
[SourceDate "2007.07.04"]
[SourceVersion "1"]
[SourceVersionDate "2007.07.04"]
[SourceQuality "1"]

1. e4 c5 2. Nf3 e6 3. Nc3 a6 4. d4 cxd4 5. Nxd4 b5 6. a3 Bb7 7. Bd3 d6 8. 0-0 Nd7 9. Be3 Ngf6 10. Qe2 Be7 11. Rfe1 Nc5 12. f3 0-0 13. Qf2 Qc7 14. Rad1 Rac8 15. Qg3 Kh8 16. Bd2 Rfe8 17. b4 Nxd3 18. cxd3 Bf8 19. Rc1 Qd7 20. Kh1 g6 21. Nb3 Bg7 22. Qf2 Red8 23. Na5 Ne8 24. Qb6 Rb8 25. Nxb7 Qxb7 26. Qxb7 Rxb7 27. Ne2 Rc7 28. Rxc7 Nxc7 29. Rc1 Rd7 30. Rc6 Kg8 31. Bc3 Bxc3 32. Nxc3 Kf8 33. g4 Ke7 34. f4 Kd8 35. d4 Kc8 36. Ne2 Kb7 37. Rc3 Ne8 38. Ng3 Nc7 39. Kg2 Kb6 40. Kh3 a5 41. g5 axb4 42. axb4 Na6 43. Rc8 Nxb4 44. Rh8 Nd3 45. Kg4 b4 46. Ne2 Rc7 47. Kf3 Kb7 48. Ke3 b3 49. Kxd3 b2 50. Nc3 Rxc3+ 51. Kxc3 b1Q 0-1

[Event "FRA-ch U10"]
[Site "Le Grand Bornand"]
[Date "2007.04.??"]
[Round "7"]
[White "Roubaud, Alexandre"]
[Black "Thon, Gabriel"]
[Result "1/2-1/2"]
[WhiteElo "1821"]
[BlackElo "1875"]
[PlyCount "81"]
[EventDate "2007.04.07"]
[EventType "swiss"]
[EventRounds "9"]
[EventCountry "FRA"]
[SourceTitle "CBM 118 Extra"]
[Source "ChessBase"]
[SourceDate "2007.07.04"]
[SourceVersion "1"]
[SourceVersionDate "2007.07.04"]
[SourceQuality "1"]

1. e4 c5 2. Nc3 e6 3. f4 a6 4. a4 Nc6 5. Nf3 d5 6. d3 Nf6 7. e5 Nd7 8. g3 Be7 9. Bg2 0-0 10. 0-0 Qc7 11. Re1 b6 12. Kh1 Bb7 13. Ng1 Rfe8 14. Bd2 f6 15. Qg4 Nd4 16. exf6 Nxf6 17. Qd1 Bd6 18. Nf3 Nxf3 19. Bxf3 e5 20. fxe5 Bxe5 21. Bg5 Qd6 22. Bg2 Rf8 23. Bxf6 Bxf6 24. Qh5 Rad8 25. Re2 g6 26. Qh6 Bg7 27. Qd2 Rde8 28. Rae1 Rxe2 29. Qxe2 Bxc3 30. bxc3 Rd8 31. c4 Rd7 32. Rf1 dxc4 33. Bxb7 Rxb7 34. Qe4 Rd7 35. dxc4 Kg7 36. Qa8 Qe7 37. Qf3 Rd4 38. Qc3 Kg8 39. Kg1 Qe6 40. Qf3 Qe7 41. Qc3 1/2-1/2

[Event "FRA-ch U10"]
[Site "Le Grand Bornand"]
[Date "2007.04.??"]
[Round "1"]
[White "Thon, Gabriel"]
[Black "Barbot, Pierre"]
[Result "1/2-1/2"]
[WhiteElo "1875"]
[BlackElo "1781"]
[PlyCount "60"]
[EventDate "2007.04.07"]
[EventType "swiss"]
[EventRounds "9"]
[EventCountry "FRA"]
[SourceTitle "CBM 118 Extra"]
[Source "ChessBase"]
[SourceDate "2007.07.04"]
[SourceVersion "1"]
[SourceVersionDate "2007.07.04"]
[SourceQuality "1"]

1. e4 c5 2. Nf3 Nc6 3. d4 cxd4 4. Nxd4 Nf6 5. Nc3 d6 6. Bg5 e6 7. Qd2 a6 8. f4 Nxd4 9. Qxd4 Be7 10. 0-0-0 0-0 11. e5 dxe5 12. Qxd8 Rxd8 13. Rxd8+ Bxd8 14. fxe5 h6 15. Bh4 g5 16. Bg3 Nh5 17. Be2 Nxg3 18. hxg3 Kg7 19. Rd1 Bc7 20. Bf3 Bxe5 21. Rd8 Rb8 22. Ne4 Bc7 23. Rd3 b6 24. g4 Bb7 25. Rd7 Bf4+ 26. Kd1 Bc6 27. Ra7 Rd8+ 28. Ke1 Ra8 29. Rxa8 Bxa8 30. Nxg5 hxg5 1/2-1/2

[Event "FRA-ch U10"]
[Site "Le Grand Bornand"]
[Date "2007.04.??"]
[Round "2"]
[White "Thon, Gabriel"]
[Black "Devaure, Guillaume"]
[Result "1-0"]
[WhiteElo "1875"]
[BlackElo "1650"]
[PlyCount "49"]
[EventDate "2007.04.07"]
[EventType "swiss"]
[EventRounds "9"]
[EventCountry "FRA"]
[SourceTitle "CBM 118 Extra"]
[Source "ChessBase"]
[SourceDate "2007.07.04"]
[SourceVersion "1"]
[SourceVersionDate "2007.07.04"]
[SourceQuality "1"]

1. e4 c5 2. Nf3 Nc6 3. d4 cxd4 4. Nxd4 Nf6 5. Nc3 e5 6. Ndb5 d6 7. Nd5 Nxd5 8. exd5 Ne7 9. c4 a6 10. Qa4 axb5 11. Qxa8 bxc4 12. Bxc4 g6 13. Bb5+ Bd7 14. Bxd7+ Kxd7 15. Qxb7+ Qc7 16. Qb5+ Kd8 17. Bd2 Qd7 18. Qb3 h5 19. Rc1 Ke8 20. Ba5 Qa7 21. Qb5+ Qd7 22. Qb8+ Nc8 23. Rxc8+ Ke7 24. Bd8+ Qxd8 25. Rxd8 1-0